000 00432nam a22001817a 4500
003 koha_MIRAKIL
005 20231213065257.0
008 231213b |||||||| |||| 00| 0 ||| d
020 _b9-75762218-4
040 _aTR-IsEVY
_btur
_cTR-IsEVY
082 _a900 CAR/1
100 _aCARBOGNANO, C.C.
245 0 _a18.YÜZYILIN SONUNDA İSTANBUL.
260 _bEREN,
_c1993
300 _a[ ] p.
650 _aTarih.
942 _2ddc
_cBK
999 _c916
_d916